000 00577nam a2200217Ia 4500
005 20260115172751.0
008 008 260114s9999 xx 000 0 eng d
020 _a9781447329169
037 _aEBOOK
040 _aCRL
_beng
_cCRL
041 _aeng
_2eng
084 _qCRL
100 _aMendez/Dussauge-Laguna
_9878486
245 0 _aPolicy Analysis in Mexico
260 _bBristol University Press
260 _bCambridge University Press
260 _c2022
856 _uhttps://doi.org/10.46692/9781447329169
942 _cEBOOK
999 _c1477091
_d1477091